000 00625nam a2200229Ia 4500
003 OSt
005 20220924122738.0
006 a|||||r|||| 00| 0
007 ta
008 220923b |||||||| |||| 00| 0 pur d
024 _a309659
037 _cTextual
040 _aARTS
_cARTS
_bpur
041 _2pur
_apur
082 _aO164,3I5K,1, 168F4
100 _aKhan Faqee
_9190561
245 0 _aBustan-e-hikmat
260 _aLucknow
_bMunshi Naval Kishor India
_c1924
650 _aPERSIAN LITERATURE
_9309
942 _hO164,3I5K,1, 168F4
_cTEXL
_2CC
999 _c412911
_d412911